000 00472nam a2200145Ia 4500
008 191206s9999 xx 000 0 und d
090 _aQH430.N49
245 0 _aNew genetics
250 _aRev. Oct. 2006.
260 _a"U.S. Dept. of Health and Human Services, Public Health Service, National Institutes of Health, Natio"
260 _bNIH publication ; no. 07-662
260 _cc[2006]
300 _a90 p. : ill. (some col.) ; 28 cm.
999 _c16549
_d16549